ជីវិតជុំវិញបឹងទន្លេសា​ប / (Record no. 1529)

MARC details
000 -LEADER
fixed length control field 02297nam a22003017a 4500
001 - CONTROL NUMBER
control field 1529
003 - CONTROL NUMBER IDENTIFIER
control field FISKH
005 - DATE AND TIME OF LATEST TRANSACTION
control field 20250408120920.0
008 - FIXED-LENGTH DATA ELEMENTS--GENERAL INFORMATION
fixed length control field 230904b cb ||||| |||| 00| 0 khr d
020 ## - INTERNATIONAL STANDARD BOOK NUMBER
International Standard Book Number 9789924341109
040 ## - CATALOGING SOURCE
Original cataloging agency FISKH
Language of cataloging eng
Transcribing agency FISKH
Modifying agency FISKH
082 ## - DEWEY DECIMAL CLASSIFICATION NUMBER
Classification number 577.63
100 ## - MAIN ENTRY--PERSONAL NAME
Personal name Mengchheang, Sunheng
245 ## - TITLE STATEMENT
Title ជីវិតជុំវិញបឹងទន្លេសា​ប /
Statement of responsibility, etc. និពន្ធដោយ ស៊ុនហេង ម៉េងឈាង អត្ថបទ «អង្គរ និមិត្តរូបនៃជាតិខ្មែរ» ដោយលោក អ៉ឺម សុខរិទ្ធិ អាជ្ញាធរអប្សរា - អត្ថបទ «ព្រែកទាល់ ឋានសួគ៍បក្សីទឹក» ដោយ Association Gecko, FAO Siem Reap
250 ## - EDITION STATEMENT
Edition statement បោះពុម្ពលើកទី ៥មិនា ២០២២
260 ## - PUBLICATION, DISTRIBUTION, ETC.
Place of publication, distribution, etc. Phnom Penh :
Name of publisher, distributor, etc. Sipar,
Date of publication, distribution, etc. 2022.
300 ## - PHYSICAL DESCRIPTION
Extent 39 pages :
Other physical details map ; color illustrations ;
Dimensions 20 cm
490 ## - SERIES STATEMENT
Series statement ខ្ញុំចង់ដឹង
505 ## - FORMATTED CONTENTS NOTE
Formatted contents note Z'<br/>
520 ## - SUMMARY, ETC.
Summary, etc. ជីវិតជុំវិញទន្លេសាបផ្តល់ព័ត៌មានអំពីរបៀបរស់នៅរបស់ប្រជាជនក្នុងខេត្ត និងរាជធានីជុំវិញទន្លេសាប ដូចជា៖ ភ្នំពេញ កំពង់ឆ្នាំង ពោធិសាត់ បាត់ដំបង ប៉ៃលិន សៀមរាប កំពង់ធំ ព្រះវិហារ បន្ទាយមានជ័យ និងប្រទេសថៃ ដែលជាប្រទេសជិតខាងរបស់យើង។
520 ## - SUMMARY, ETC.
Summary, etc. Life around Tonlesap provides information of how people live in the provinces and capital city around Tonlesap such as: Phnom Penh, Kampong Chnang, Pursat, Battambong, Pailin, Siem Reap, Kampong Thom, Preah Vihear, Banteay Meanchey and Thailand, our neighbouring country.
521 8# - TARGET AUDIENCE NOTE
Target audience note 1000<br/>
Source Lexile estimate<br/>
521 8# - TARGET AUDIENCE NOTE
Target audience note Z'<br/>
Source Raz-Plus<br/>
648 ## - SUBJECT ADDED ENTRY--CHRONOLOGICAL TERM
Form subdivision
650 ## - SUBJECT ADDED ENTRY--TOPICAL TERM
Topical term or geographic name entry element ការរស់នៅ​
Form subdivision ធម្មជាតិ​
General subdivision បឹងទន្លេសាប
650 ## - SUBJECT ADDED ENTRY--TOPICAL TERM
Topical term or geographic name entry element Live
Form subdivision Nature
General subdivision Tonlesab River
942 ## - ADDED ENTRY ELEMENTS (KOHA)
Source of classification or shelving scheme Dewey Decimal Classification
Koha item type Books
Suppress in OPAC No
Holdings
Withdrawn status Lost status Source of classification or shelving scheme Damaged status Not for loan Collection Home library Current library Shelving location Date acquired Total Checkouts Full call number Barcode Date last seen Copy number Price effective from Koha item type
    Dewey Decimal Classification     Khmer Non-Fiction / សៀវភៅខ្មែរ រឿងពិត Footprints International School Library Network Toul Kork Campus Footprints International School Library Network Toul Kork Campus   09/04/2023   MEN 577.63 2023-0464 09/04/2023 1 09/04/2023 Khmer Books
    Dewey Decimal Classification     Khmer Non-Fiction / សៀវភៅខ្មែរ រឿងពិត Footprints International School Library Network Toul Kork Campus Footprints International School Library Network Toul Kork Campus   09/04/2023   MEN 577.63 2023-0465 09/04/2023 2 09/04/2023 Khmer Books
    Dewey Decimal Classification     Khmer Non-Fiction / សៀវភៅខ្មែរ រឿងពិត Footprints International School Library Network Toul Kork Campus Footprints International School Library Network Toul Kork Campus   09/04/2023   MEN 577.63 FISTK03722 10/10/2023 3 09/04/2023 Khmer Books